000 00452cam a2200181ua 4500
020 _c250.00
041 _aeng
_h
082 _a028.73631
_bSOM/DI
100 _aSomani, L L .
245 _aDictionary of soils and fertilizers, Part 2 /
_cSomani L L.
_hTextual Documents
250 _a1 /
_b.
260 _a :
_bMittal Publications ,
_c1989.
300 _a348 ; .
365 _a250.00
504 _a
942 _cBK
999 _c9962
_d9962